ბათუმის შოთა რუსთაველის სახელმწიფო უნივერსიტეტის ბიბლიოთეკა

ისლამის ცოდნის წყარო / (ბიბ.ჩანაწერი № 50341)

000 -ლიდერი
ფიქსირებული სიგრძის საკონტროლო ველი 01060nam a2200241Ia 4500
001 - საკონტროლო ნომერი
საკონტროლო ველი 17282
003 - საკონტროლო ნომრის იდენტიფიკატორი
საკონტროლო ველი GE_BSU
005 - ბოლო ოპერაციის თარიღი და დრო
საკონტროლო ველი 20200210170654.0
008 - ფიქსირებული სიგრძის მონაცემთა ელემენტები - ზოგადი ინფორმაცია
ფიქსირებული სიგრძის საკონტროლო ველი 181216s2014ge xx |||||||||||||| ||geo||
040 ## - კატალოგიზაციის წყარო
Transcribing agency GE_BSU
041 ## - ენის კოდი
Language code of text/sound track or separate title geo
080 ## - უნივერსალური ათობითი კლასიფიკაციის ინდექსი
Universal Decimal Classification number 28-277 დ-74
100 ## - მთავარი ჩანაწერი - პიროვნების სახელი
Personal name დონდურენი,ჰამდი.
9 (RLIN) 6965
245 ## - ცნობა სათაურის შესახებ
Title ისლამის ცოდნის წყარო /
Statement of responsibility, etc მთარგმნ. თამაზ მიქელაძე ; თეოლოგიური რედ . რეზო მიქელაძე .
264 ## - წარმოების, გამოცემის, დისტრიბუციის და სხვა ცნობები
გამოცემის, წარმოების, დისტრიბუციის... ადგილი სტანბოლი :
გამოცემის, წარმოების, დისტრიბუციის... სახელწოდება გამ-ბა ერქამი.
გამოცემის, წარმოების, დისტრიბუციის... თარიღი 2014.
300 ## - ფიზიკური აღწერა
Extent 758 გვ.:
Dimensions 24 სმ.
653 ## - INDEX TERM--UNCONTROLLED
Uncontrolled term ისლამი
653 ## - INDEX TERM--UNCONTROLLED
Uncontrolled term ისლამის ცოდნის წყარო
653 ## - INDEX TERM--UNCONTROLLED
Uncontrolled term რელიგია
700 ## - ADDED ENTRY--PERSONAL NAME
Personal name მიქელაძე, თამაზ
Relator term მთარგმნელი
9 (RLIN) 6966
700 ## - ADDED ENTRY--PERSONAL NAME
Personal name მიქელაძე, რეზო
Relator term თეოლოგიური რედაქტორი
9 (RLIN) 6962
942 ## - ADDED ENTRY ELEMENTS (KOHA)
Koha item type წიგნი
Source of classification or shelving scheme
ეგზემპლარები
ჩამოწერის სტატუსი დაკარგული ეგზემპლარის სტატუსი კლასიფიკაციის წყარო ან თაროზე გაწყობის სქემა დაზიანების სტატუსი არ გაიცემა მუდმივი მდებარეობა (დაცვის ადგილი) ამჟამინდელი ადგილსამყოფელი თაროზე განთავსების ადგილი შეძენის თარიღი სრული შენახვის შიფრი შტრიხკოდი ბოლო ოპერაციის თარიღი ეგზემპლარის მიმდევრობითი ნომერი (კეტერი?) ფასის ძალაში შესვლის თარიღი ეგზემპლარის სახეობა
          ბათუმის შოთა რუსთაველის სახელმწიფო უნივერსიტეტის მთავარი ბიბლიოთეკა ბათუმის შოთა რუსთაველის სახელმწიფო უნივერსიტეტის მთავარი ბიბლიოთეკა წიგნსაცავი 2018-12-17 28-277 დ-74 45373 2018-12-17 45373 2018-12-17 წიგნი